Právna povaha nadácie

Úprava nadácií ako osobitného typu právnických osôb v Občianskom zákonníku. Registrácia nadácií. Problém majetku nadácie. Problém vkladu určitého majetku pri zakladaní nadácie fyzickými osobami. Príprava zákona o nadáciách.

Enregistré dans:
Détails bibliographiques
Auteur principal: Vojčík, P.
Format: Chapitre de livre
Langue:slovaque
Sujets:
Tags: Ajouter un tag
Pas de tags, Soyez le premier à ajouter un tag!

MARC

LEADER 00000naa a2200000 4500
001 r019371
005 20221213101407.5
041 0 |a slo 
044 |a SK 
245 1 0 |a Právna povaha nadácie  |c P. Vojčík 
520 |a Úprava nadácií ako osobitného typu právnických osôb v Občianskom zákonníku. Registrácia nadácií. Problém majetku nadácie. Problém vkladu určitého majetku pri zakladaní nadácie fyzickými osobami. Príprava zákona o nadáciách. 
610 2 0 |a nadácie 
610 2 0 |a zákonník občiansky 
610 2 0 |a osoby právnické 
610 2 0 |a predpisy právne 
610 2 0 |a zákony 
610 2 0 |a Slovensko 
610 2 0 |a 1991-1994 
100 1 |a Vojčík, P.